000 00253nam a2200097Ia 4500
001 862784
005 20250826175438.0
008 250824s9999 xx 000 0 und d
245 0 _aKAYIP YÜZYILIN PRENSESİ
_cKAHRAMAN TAZEOĞLU
260 _bDESTEK YAYINLARI
999 _c862784
_d862784